| 000 | 00452nam a22001577a 4500 | ||
|---|---|---|---|
| 008 | 230707b |||||||| |||| 00| 0 eng d | ||
| 040 |
_aNational Science Library _cNational Science Library |
||
| 080 | _aD 02(05) | ||
| 245 |
_aAdvances in librarianship _b |
||
| 260 |
_aLondon: _bAcademic Press, _c1998 |
||
| 300 | _axiii, 434p. | ||
| 650 | _aLibrary Science | ||
| 653 | _aLibrary role | ||
| 700 | _aLynden, Frederick C (Ed.) | ||
| 942 |
_2udc _cBK |
||
| 999 |
_c55667 _d55667 |
||